| 000 | 00782nam a2200241 i 4500 | ||
|---|---|---|---|
| 001 | 14815 | ||
| 003 | ES-MaACL | ||
| 005 | 20250822063208.0 | ||
| 007 | t| | ||
| 008 | 990614s1933 sp |||| | spa d | ||
| 080 | _a1"15/18" | ||
| 100 | 1 |
_aMesser, August. _980681 |
|
| 245 | 1 | 3 |
_aLa filosofía moderna _b: del Renacimiento a Kant / _cAugusto Messer ; traducción del alemán por Emilio Rodríguez Sádia. |
| 250 | _a2ª ed. | ||
| 260 |
_aMadrid : _bRevista de Occidente, _c[1933] |
||
| 300 |
_a215 p. ; _c18 cm. |
||
| 490 | 1 | _aHistoria de la filosofía | |
| 650 | 1 | 7 |
_aFilosofía moderna _2embne _9144498 |
| 700 | 1 |
_aRodríguez Sádia, Emilio _9163781 |
|
| 830 | 1 |
_aHistoria de la filosofía _9181726 |
|
| 852 |
_aES-MaACL _jL-21956 |
||
| 999 |
_c14815 _d14815 |
||